000 00394nam a2200121Ia 4500
008 220620s9999||||xx |||||||||||||| ||und||
245 0 _aPathogenic Bacteria
546 _aEnglish[eng]
650 _aBacteriology (non-medical)
700 _aKırmusaoğlu, Sahra||Bhonchal Bhardwaj, Sonia
856 _uhttps://mts.intechopen.com/storage/books/8133/authors_book/authors_book.pdf
942 _cEB
999 _c29436
_d29436